000
00201 a2200097 4500
001
126820
040
_c
Escola Canadense de Niteroi
090
_a
MP
245
1
0
_a
Jogo da Memória: Frutas
942
_c
MATP
999
_c
126820
_d
126820